000 00340nam a2200145Ia 4500
008 150201s2009 xx 000 0 und d
082 _a612.015
_bB09S
100 _aSATAYANARANA, U.
245 _aBIOCHEMISTRY
250 _a3RD
260 _bKALKATA BOOK
_aKALKATA
_c2009
300 _a1-792
650 _aBIOCHEMISTRY
942 _2ddc
_cBK
_0272
999 _c299
_d299